000 00367nam a2200145Ia 4500
008 230917s9999||||xx |||||||||||||| ||und||
040 _e47269
_aMAIN
041 _aEnglish
082 _a294.1 D26A
100 _aDasgupta, Shahi Bhushan
245 0 _aAspects of Indian religious thought
260 _aCalcutta
_bFirma K L M
_c1977
300 _a247 p.
942 _cBK
999 _c186508
_d186508